| 000 -ლიდერი |
| ფიქსირებული სიგრძის საკონტროლო ველი |
02647nam a2200325Ia 4500 |
| 001 - საკონტროლო ნომერი |
| საკონტროლო ველი |
17852 |
| 003 - საკონტროლო ნომრის იდენტიფიკატორი |
| საკონტროლო ველი |
GE_BSU |
| 005 - ბოლო ოპერაციის თარიღი და დრო |
| საკონტროლო ველი |
20200226145159.0 |
| 008 - ფიქსირებული სიგრძის მონაცემთა ელემენტები - ზოგადი ინფორმაცია |
| ფიქსირებული სიგრძის საკონტროლო ველი |
181216s2015ge xx |||||||||||||| ||geo|| |
| 020 ## - წიგნის საერთაშორისო სტანდარტული ნომერი |
| International Standard Book Number |
9789941134241 |
| 040 ## - კატალოგიზაციის წყარო |
| Transcribing agency |
GE_BSU |
| 041 ## - ენის კოდი |
| Language code of text/sound track or separate title |
geo |
| 080 ## - უნივერსალური ათობითი კლასიფიკაციის ინდექსი |
| Universal Decimal Classification number |
342.726-053.2 შ-34 |
| 100 ## - მთავარი ჩანაწერი - პიროვნების სახელი |
| Relator code |
შაჰოვიჩი,ნევენა ვუჩკოვიჩ. |
| 245 ## - ცნობა სათაურის შესახებ |
| Title |
ბავშვის უფლებები საერთაშორისო სამართალში = The Rights of the Child on International Law : |
| Remainder of title |
ბავშვის უფლებები მოკლედ და კონტექსტში : ყველაფერი ბავშვთა უფლებების შესახებ / |
| Statement of responsibility, etc |
ნევენა ვუჩკოვიჩ შაჰოვიჩი ; იააპ ე. დოეკი ; ჟან ცერმატენი ; სამეცნიერო რედ : ლევან ალექსიძე ; ქეთევან ხუციშვილი ; მთარგმნელები: რუსუდან ტუშური ; თამარ ალექსიძე. |
| 264 ## - წარმოების, გამოცემის, დისტრიბუციის და სხვა ცნობები |
| გამოცემის, წარმოების, დისტრიბუციის... ადგილი |
თბილისი, |
| გამოცემის, წარმოების, დისტრიბუციის... თარიღი |
2015. |
| 300 ## - ფიზიკური აღწერა |
| Extent |
485 გვ. : |
| Dimensions |
26 სმ. |
| 504 ## - BIBLIOGRAPHY, ETC. NOTE |
| Bibliography, etc |
ბიბლ.გვ.478-485 |
| 653 ## - INDEX TERM--UNCONTROLLED |
| Uncontrolled term |
ბავშვის უფლებები საერთაშორისო სამართალში : ბავშვის უფლებები მოკლედ და კონტექსტში : ყველაფერი ბავშვთა უფლებების შესახებ |
| 653 ## - INDEX TERM--UNCONTROLLED |
| Uncontrolled term |
ბავშვის უფლებები ყველაზე მნიშვნელოვან საერთაშორისო ინსტრუმენტებში |
| 653 ## - INDEX TERM--UNCONTROLLED |
| Uncontrolled term |
ბავშვობის პერიოდი და ბავშვის საერთაშორისო უფლებები |
| 653 ## - INDEX TERM--UNCONTROLLED |
| Uncontrolled term |
სამართალი |
| 700 ## - ADDED ENTRY--PERSONAL NAME |
| Personal name |
დოეკი,იააპ,ე. |
| 9 (RLIN) |
7497 |
| 700 ## - ADDED ENTRY--PERSONAL NAME |
| Personal name |
ცერმატენი, ჟან |
| 9 (RLIN) |
7498 |
| 700 ## - ADDED ENTRY--PERSONAL NAME |
| Personal name |
ალექსიძე, ლევან |
| Relator term |
სამეცნიერო რედაქტორი |
| 9 (RLIN) |
7499 |
| 700 ## - ADDED ENTRY--PERSONAL NAME |
| Personal name |
ხუციშვილი, ქეთევან |
| Relator term |
სამეცნიერო რედაქტორი |
| 9 (RLIN) |
5752 |
| 700 ## - ADDED ENTRY--PERSONAL NAME |
| Personal name |
ტუშური, რუსუდან |
| Relator term |
მთარგმნელი |
| 9 (RLIN) |
6435 |
| 700 ## - ADDED ENTRY--PERSONAL NAME |
| Personal name |
ალექსიძე, თამარ |
| Relator term |
მთარგმნელი |
| 9 (RLIN) |
6435 |
| 942 ## - ADDED ENTRY ELEMENTS (KOHA) |
| Koha item type |
წიგნი |
| Source of classification or shelving scheme |
|